000 01466nam1a22003011i 4500
001 v19\rc\1574606
005 20240723083433.0
035 _a(NLR Aleph) 004702957
090 _a4093331
_c4093331
100 _a20061002d1893 |||y0rusy50 ca
101 1 _arus
_cger
102 _aRU
105 _a j |||||
200 1 _aГидротерапия, основанная на физиологических и клинических началах
_eЛекции для практ. врачей и студентов
_e(W. Winternitz. Die Hydrotheraphie auf physiologisher und klinischer Grundlage). Т. 1-
_f[Dr. Wilhelm Winternitz, проф. Вен. ун-та]
_gПер. со 2 соверш. перераб. и доп. изд. д-ра С.Б. Оречкина
210 _aСанкт-Петербург
_cжурн. "Практ. медицина"
_d1893
215 _d25
454 0 _12001#$aDie Hydrotheraphie auf physiologisher und klinischer Grundlage
_1700#1$aWinternitz$bW.
_tDie Hydrotheraphie auf physiologisher und klinischer Grundlage
_aWinternitz, W.
700 1 _aВинтерниц
_bВ.
_f1835-1917
_gВильгельм
702 1 _aОречкин
_bС.Б.
_f1858-
_gСемен Борисович
_4730
801 0 _aRU
_bNLR
_gpsbo
801 0 _aRU
_bRuMoRGB
_2psbo
801 1 _aRU
_bProSoft-M
_2rusmarc
852 _aNLR
_j18.261.8.49
852 _aNLR
_j131/1647
899 _aRuMoRGB
_jA 167/642
899 _aRuMoRGB
_jU 390/98
899 _aБАН
942 _cBOOK